Uplatňovanie marketingu na úrovni samosprávy

Úloha samospráv v ekonomickom rozvoji regiónov. Vytváranie pozitívneho podnikateľského prostredia na miestnej úrovni.Vyspelé krajiny a ich politika miestneho ekonomického rozvoja. Využívanie nástrojov marketingového mixu v rozvoji miest a obcí. Implementácia marketingu a zvyšovanie kvality života a...

Celý popis

Uložené v:
Podrobná bibliografia
Hlavný autor: Hasprová, Mária, 1970-
Médium: Kapitola
Jazyk:Slovak
Predmet:
Tagy: Pridať tag
Žiadne tagy, Buďte prvý, kto otaguje tento záznam!

MARC

LEADER 00000naa$a2200000$$$4500
001 0025079
005 20240502071420.8
041 0 |a slo 
044 |a SK 
245 1 0 |a Uplatňovanie marketingu na úrovni samosprávy  |c Mária Hasprová 
520 |a Úloha samospráv v ekonomickom rozvoji regiónov. Vytváranie pozitívneho podnikateľského prostredia na miestnej úrovni.Vyspelé krajiny a ich politika miestneho ekonomického rozvoja. Využívanie nástrojov marketingového mixu v rozvoji miest a obcí. Implementácia marketingu a zvyšovanie kvality života a uspokojovanie potrieb obyvateľov. 
610 2 0 |a samospráva 
610 2 0 |a regióny 
610 2 0 |a rozvoj hospodársky 
610 2 0 |a rozvoj regionálny 
610 2 0 |a úroveň životná 
610 2 0 |a úroveň rozvoja hospodárskeho 
610 2 0 |a marketing mix 
610 2 0 |a podpora podnikania 
610 2 0 |a krajiny vyspelé 
610 2 0 |a Slovensko 
100 1 |a Hasprová, Mária, 1970-